000 00472nab a2200145Ia 4500
003 ES-SlBCS
005 20210601124324.0
008 140529s1993 xxu||||| |||| 00| 0 eng d
041 _aeng
100 1 _aBlacker, David
_9139718
245 0 0 _aAllowing Educational Technologies to Reveal: A Deweyan Perspective
_c David Blacker
650 0 4 _aEducacion de la Tecnología
_9139719
773 0 _tEducational Theory
_gvol. 43, nº. 2, 1993, págs. 181-194
_wRev1399
942 _cAR
999 _c512926
_d512926